| 000 | 00692nam a2200241Ia 4500 | ||
|---|---|---|---|
| 005 | 20250425162153.0 | ||
| 008 | 250425s9999 xx 000 0 und d | ||
| 020 | _a9978722718 | ||
| 041 | _aspa | ||
| 043 | _aec | ||
| 082 |
_a709.866 _pBAN |
||
| 100 |
_aZapater, Irving Iván _eeditor |
||
| 110 | _aBanco Central del Ecuador | ||
| 245 | 0 |
_aCatálogo de la sala de arte de la República _cIrving Iván Zapater |
|
| 250 | _aPrimera edición | ||
| 260 |
_aQuito _bBanco Central del Ecuador _c1995 |
||
| 300 |
_a35 páginas _bilustraciones _c28 cm. |
||
| 650 | _aArte Ecuatoriano | ||
| 650 | _aÉpoca Republicana | ||
| 902 |
_aMonográfico _cImpreso |
||
| 942 | _c01 | ||
| 010 | _a54193 | ||
| 999 |
_c223744 _d223744 |
||